书目信息 |
| 题名: |
最新实用黑板报头图案集
|
|
| 作者: | 杨遇泰 , 冯锐 , 郭存善 编绘 | |
| 分册: | ||
| 出版信息: | 北京 中国画报出版社 1993 |
|
| 页数: | 108页 | |
| 开本: | 13×19cm | |
| 丛书名: | ||
| 单 册: | ||
| 中图分类: | G241.1 , J522 | |
| 科图分类: | ||
| 主题词: | 黑板报--图案--中国--图集 | |
| 电子资源: | ||
| ISBN: | 7-80024-168-8 | |
| 000 | 00761nam0 2200253 450 | |
| 001 | 1237052601 | |
| 005 | 20120315101820.14 | |
| 010 | @a7-80024-168-8@dCNY7.60 | |
| 100 | @a20011030d1993 em y0chiy0121 ea | |
| 101 | 0 | @achi |
| 102 | @aCN@b110000 | |
| 105 | @aa z 000yy | |
| 200 | 10 | @a最新实用黑板报头图案集@f郭存善等编绘@9zui xin shi yong hei ban bao tou tu an ji |
| 210 | @a北京@c中国画报出版社@d1993@h1999重印 | |
| 215 | @a108页@d13×19cm | |
| 540 | 1 | @a黑板报头图案集 |
| 606 | 0 | @a黑板报@x图案@y中国@j图集 |
| 690 | @aG241.1@v4 | |
| 690 | @aJ522@v4 | |
| 701 | 0 | @a杨遇泰@4编绘@9yang ou tai |
| 701 | 0 | @a冯锐@4编绘@9feng rui |
| 701 | 0 | @a郭存善@4编绘@9Guo Cun Shan |
| 801 | 0 | @aCN@b大连网信软件有限公司图书馆·11@c20120315 |
| 905 | @aZUCC@dJ522@eY326 | |
| 最新实用黑板报头图案集/郭存善等编绘.-北京:中国画报出版社,1993(1999重印) |
| 108页;13×19cm |
| ISBN 7-80024-168-8:CNY7.60 |
| ● |
| 相关链接 |
|
|
|
正题名:最新实用黑板报头图案集
索取号:J522/Y326
 
预约/预借
| 序号 | 登录号 | 条形码 | 馆藏地/架位号 | 状态 | 备注 |
| 1 | 484350 | 204843508 | 社科库309/400B社科库 1排1列1层/ [索取号:J522/Y326] | 在馆 |